Eastern Utah Libraries Catalog: Duchesne, Heber, Roosevelt, & Vernal

Hidden hermit crabs / (Record no. 265776)

MARC details
000 -LEADER
fixed length control field 01296nam a22003858a 4500
001 - CONTROL NUMBER
control field ocm73927542
003 - CONTROL NUMBER IDENTIFIER
control field OCoLC
005 - DATE AND TIME OF LATEST TRANSACTION
control field 20200320182032.0
008 - FIXED-LENGTH DATA ELEMENTS--GENERAL INFORMATION
fixed length control field 061017s2007 mnu j 000 0 eng
010 ## - LIBRARY OF CONGRESS CONTROL NUMBER
LC control number 2006034582
020 ## - INTERNATIONAL STANDARD BOOK NUMBER
International Standard Book Number 9781599287515
020 ## - INTERNATIONAL STANDARD BOOK NUMBER
International Standard Book Number 159928751X
020 ## - INTERNATIONAL STANDARD BOOK NUMBER
Terms of availability 13.95
035 ## - SYSTEM CONTROL NUMBER
System control number (OCoLC)73927542
040 ## - CATALOGING SOURCE
Original cataloging agency DLC
Transcribing agency DLC
Modifying agency BAKER
-- BTCTA
-- WACOL
049 ## - LOCAL HOLDINGS (OCLC)
Holding library WACL
050 00 - LIBRARY OF CONGRESS CALL NUMBER
Classification number SF459.H47
Item number D68 2007
082 00 - DEWEY DECIMAL CLASSIFICATION NUMBER
Classification number 639/.67
Edition number 22
092 ## - LOCALLY ASSIGNED DEWEY CALL NUMBER (OCLC)
Classification number E
Item number Dou
100 1# - MAIN ENTRY--PERSONAL NAME
Personal name Doudna, Kelly,
Dates associated with a name 1963-
9 (RLIN) 5839887
245 10 - TITLE STATEMENT
Title Hidden hermit crabs /
Statement of responsibility, etc Kelly Doudna ; illustrated by C.A. Nobens.
260 ## - PUBLICATION, DISTRIBUTION, ETC. (IMPRINT)
Place of publication, distribution, etc Edina, Minn. :
Name of publisher, distributor, etc ABDO Pub. Co.,
Date of publication, distribution, etc c2007.
263 ## - PROJECTED PUBLICATION DATE
Projected publication date 0701
300 ## - PHYSICAL DESCRIPTION
Extent 23 p. :
Other physical details col. ill. ;
Dimensions 20 cm.
490 0# - SERIES STATEMENT
Series statement Perfect pets
650 #0 - SUBJECT ADDED ENTRY--TOPICAL TERM
Topical term or geographic name as entry element Hermit crabs as pets
Form subdivision Juvenile literature.
9 (RLIN) 5735970
700 1# - ADDED ENTRY--PERSONAL NAME
Personal name Nobens, C. A.,
Relator term ill.
9 (RLIN) 7422
856 41 - ELECTRONIC LOCATION AND ACCESS
Materials specified Table of contents only
Uniform Resource Identifier <a href="http://www.loc.gov/catdir/toc/ecip073/2006034582.html">http://www.loc.gov/catdir/toc/ecip073/2006034582.html</a>
938 ## -
-- Baker & Taylor
-- BKTY
-- 19.93
-- 19.93
-- 159928751X
-- 0007027047
-- active
938 ## -
-- Baker and Taylor
-- BTCP
-- 2006034582
942 ## - ADDED ENTRY ELEMENTS (KOHA)
Koha item type BOOK
948 ## - LOCAL PROCESSING INFORMATION (OCLC); SERIES PART DESIGNATOR (RLIN)
Series part designator, SPT (RLIN) 11/26/2007
z (OCLC) Sirsi
994 ## -
-- 02
-- WACOL
996 ## -
-- 58924
-- 34301000611865
-- E
-- bk
-- wcl
-- i
-- 21
-- 13.95
-- Midamerica
-- Dou
-- 11/26/2007
-- 09/05/2018
-- 08/22/2018
Holdings
Withdrawn status Lost status Source of classification or shelving scheme Damaged status Not for loan Collection code Home library Current library Shelving location Date acquired Cost, normal purchase price Total Checkouts Total Renewals Full call number Barcode Date last seen Date checked out Cost, replacement price Price effective from Koha item type
    Dewey Decimal Classification     Children NonFiction Wasatch County Library Wasatch County Library Main Floor Childrens Area 11/26/2007 13.95 36 15 E Animals Ocean Doudna 34301000611865 11/21/2025 11/12/2025 13.95 03/20/2020 BOOK
This project was made possible through a grant from the Institute of Museum and Library Service administered by the Utah State Library Division.

Wasatch County Library

  • 465 East 1200 South, Heber City, Utah 84032
  • Phone 435-654-1511 | Fax 435-654-6456

Hours

  • Monday - Friday 9:30 AM - 8:00 PM
  • Saturday 9:30 AM - 1:30 PM
  • Closed Sundays and Holidays